Retrato íntimo = Thérèse Desqueyroux /

Guardat en:
Dades bibliogràfiques
Autor principal: Miller, Claude (realización)
Altres autors: Tautou, Audrey (actuación) (actuación), Lellouche, Gilles (actuación) (actuación), Demoustier, Anaïs (actuación) (actuación)
Format: Diapositiva
Idioma:francès
Col·lecció:(Collector's Edition ZD)
Matèries:
Etiquetes: Afegir etiqueta
Sense etiquetes, Sigues el primer a etiquetar aquest registre!

MARC

LEADER 00000ngm^a2200000^a^4500
001 000395391
005 20250521000000.0
009 20260310121401.382
037 |a Acervo ITESO - Biblioteca 
041 |a FRA 
082 |a 840.  |b MIL 
100 |a Miller, Claude  |e (realización) 
240 1 1 |a [Thérèse Desqueyroux] 
240 1 1 |a [Retrato íntimo] 
245 1 0 |a Retrato íntimo =  |b Thérèse Desqueyroux /  |c Realización de C. Miller. 
264 2 |a México :  |b Zatmeni [distribución],  |c copyright fecha no identificada 
300 |a 1 DVD regiones 1 y 4 (110 min.) :  |b color 
336 |a imagen móvil bidimensional  |b tdi  |2 rdacontenido 
337 |a video  |b v  |2 rdamedio 
338 |a videodisco  |b vd  |2 rdasoporte 
440 1 |a (Collector's Edition ZD) 
500 |a Basado en: Thérèse Desqueyroux, de François Mauriac 
546 |a En francés, con subtítulos opcionales: español 
586 |a Premio Nobel de Literatura 1952: Adaptaciones de sus Obras 
649 |a XX 
650 |a Mujeres en el Cine 
650 |a Dramas Cinematográficos 
650 |a Cine Francés -  |y 2010-2019 
650 |a Cine Francés -  |y Siglo XXI 
650 |a Novela Francesa -  |x Adaptaciones para Cine 
650 |a Literatura Francesa -  |y Siglo XX -  |x Adaptaciones para Cine 
650 |a Literatura y Cine 
650 |a Relaciones de Pareja en el Cine 
650 |a Relaciones Familiares 
650 |a Matrimonio 
650 |a Aburrimiento 
650 |a Envenenamiento 
650 |a Desheredación 
700 |a Tautou, Audrey  |e (actuación) 
700 |a Lellouche, Gilles  |e (actuación) 
700 |a Demoustier, Anaïs  |e (actuación) 
910 |a Fondo General 
920 |a Audiovisuales - DVDs 
940 |a Películas 
905 |a 302 
901 |a 0500290707  |b IT2  |c DVS  |i C152723  |u 20250521 
902 |a https://opac.biblio.iteso.mx/vufind/Record/000395391